Trivial Pursuit - thème "Sciences" (Aléatoire) - Statistiques

Statistiques générales
  • Ce quiz a été pris 3 001 fois
    309 depuis la dernière actualisation
  • Le résultat moyen est 11 sur 15
Statistiques - réponses
Questions Réponses % Correct
Combien pèse 1 L d'eau en grammes ? 1 000 g Explication : 1 L d'eau = 1 kg, soit 1 000 g
100%
Des douze hommes qui ont marché sur la Lune, combien étaient citoyens des États-Unis ? 12 Explication : Ils étaient tous citoyens des États-Unis.
100%
Quelle est la somme des angles d'un triangle ? 180°
100%
Combien y'a-t-il de cm3 dans 1 mL ? 1 Explication : 1 cm3 = 1 mL.
100%
Laquelle de ces mesures est la plus grande : 2 500 mm, 250 cm ou 25 m ? 25 m Explication : 2 500 mm et 250 cm valent tous les deux 2,5 m.
100%
Dans le tableau périodique des éléments, comment s'appelle l'élément dont le symbole chimique est " Ag " ? Argent
100%
D'où vient le pollen : des étamines ou du pistil ? Des étamines Explication : Le pollen provient des étamines des plantes à fleurs.
100%
Dans la formule d'Einstein " E = mc² ", que signifie le " E " ? Énergie Explication : L'énergie (E) est égale à la masse (m) multipliée par le carré de la vitesse de la lumière (c).
100%
L'australopithèque appartient au genre "Homo" : vrai ou faux ? FAUX Explication : Il appartient au genre "Australopithèque" et est considéré comme un cousin préhistorique de l'Homme.
100%
Lorsqu'un éclair frappe, on entend le tonnerre avant de voir l'éclair : vrai ou faux ? FAUX Explication : La lumière se déplace plus vite que le son, c'est donc l'inverse.
100%
Les bébés clignent des yeux plus souvent que les adultes : vrai ou faux ? FAUX Explication : Les bébés clignent des yeux 2 fois par minute en moyenne, contre 10 à 15 fois pour les adultes.
100%
Les marées sont créées par l'inclination de la Terre sur son axe : vrai ou faux ? FAUX Explication : Les marées sont dues à l'attraction de la Lune et du Soleil sur la Terre.
100%
Quelle est la plus grosse planète du Système solaire ? Jupiter Explication : Voici les planètes classées par ordre de taille croissante : Mercure / Mars / Vénus / Terre / Neptune / Uranus / Saturne / Jupiter.
100%
Quelle couleur de l'arc-en-ciel se retrouve entre le orange et le vert ? Le jaune Explication : Les couleurs de l'arc-en-ciel sont : Violet · Indigo · Bleu · Vert · Jaune · Orange · Rouge.
100%
Lequel de ces animaux n'est pas originaire d'Australie : le lémurien, l'opossum ou le wombat ? Le lémurien Explication : C'est un primate endémique de Madagascar.
100%
Laquelle de ces énergies n'est pas une énergie fossile : le charbon, le gaz naturel ou le nucléaire ? Le nucléaire Explication : Le nucléaire est associé à l'énergie fissile.
100%
Lequel de ces éléments n'a pas de rapport avec les volcans : la caldeira, la lave ou le sartorius ? Le sartorius Explication : Le sartorius, situé dans la jambe, est le muscle le plus long chez l'Homme.
100%
Quelle planète du Système solaire est la plus proche du Soleil ? Mercure Explication : Dans l'ordre : Mercure, Vénus, Terre, Mars, Jupiter, Saturne, Uranus, Neptune (moyen mnémotechnique : "Mercredi, viendras-tu manger, Jean, sur une nappe ?").
100%
Laquelle de ces planètes est la plus petite : Mars, Mercure ou la Terre ? Mercure Explication : Mercure est la planète la plus petite et la moins massive des planètes du Système solaire.
100%
Laquelle de ces entreprises est la plus ancienne : Facebook, Google ou Microsoft ? Microsoft Explication : Microsoft a été fondée en 1975, Google en 1998 et Facebook en 2004.
100%
Lequel est un système d'exploitation : Google, Microsoft Windows ou Microsoft Word ? Microsoft Windows Explication : Google est un moteur de recherche et Microsoft Word est un logiciel de traitement de texte.
100%
À quel groupe d'animaux la hyène appartient-elle : les canidés, les félidés ou ni l'un ni l'autre ? Ni l'un ni l'autre Explication : Les hyènes forment leur propre famille, celle des hyénidés.
100%
Lequel de ces fruits n'est pas une pomme : Gala, Granny Smith ou Reine Claude ? Reine Claude Explication : C'est une variété de prunes.
100%
Laquelle de ces espèces désigne un dauphin : à bosse, marteau ou souffleur ? Souffleur Explication : En revanche, il existe des requins-marteaux et des baleines à bosse.
100%
En géologie, qu'est-ce qui peut être métamorphique ou sédimentaire ? Une roche
100%
Comment appelle-t-on un groupe de hiboux : une chambre, un parlement ou un sénat ? Un parlement
100%
Les bernard l'hermite choisissent et portent une coquille pour se protéger des prédateurs : vrai ou faux ? VRAI Explication : Ils en changent d'ailleurs régulièrement au cours de leur croissance.
100%
Chez les hippocampes, c'est le mâle qui effectue la gestation des œufs : vrai ou faux ? VRAI Explication : La femelle pond ses œufs dans la poche ventrale du mâle, qui "accouche" 4 semaines plus tard des petits.
100%
On a déjà fait pousser des pommes de terre dans l'espace : vrai ou faux ? VRAI
Explication : À bord de la navette spatiale Columbia en 1995.
100%
Comment appelle-t-on ce qui attache les muscles aux os : des articulations, du cartilage ou des tendons ? Des tendons
95%
Laquelle de ces fractions est la plus petite : 1/2, 2/3 ou 3/4 ? 1/2 Explication : 1/2 = 0,5 ; 2/3 = 0,66 ; 3/4 = 0,75.
94%
100 degrés Fahrenheit équivalent à : 16,9 ; 28,2 ou 37,8 degrés Celsius ? 37,8 Explication : Pour convertir en degrés Celsius une température donnée en degrés Fahrenheit, il suffit de soustraire 32 et de diviser par 1,8 le nombre ainsi obtenu. Ici : (100 - 32) / 1,8 = 37,8.
94%
Selon l'Union Astronomique Internationale, combien compte-t-on de constellations dans le ciel : 68, 88 ou 108 ? 88
94%
Sur le logo Microsoft, quelle est la couleur du carré situé à l'opposé du vert ? Bleu
94%
Le nombre de points sur le dos d'une coccinelle correspond à son âge : vrai ou faux ? FAUX Explication : Contrairement à la croyance populaire, le nombre de points ne détermine pas l'âge de l'insecte. Les motifs servent surtout à différencier les espèces.
94%
Les gens ont plus de cils sur la paupière inférieure que sur la paupière supérieure : vrai ou faux ? FAUX Explication : On compte environ 150 cils sur la paupière supérieure et seulement 60 à 80 sur la paupière inférieure.
94%
Quel gaz à effet de serre les vaches émettent-elles : l'hélium, le méthane ou l'oxygène ? Le méthane Explication : En rotant comme en pétant !
94%
Combien un losange a-t-il de côtés ? 4
93%
Paul roule pendant 15 minutes à 100 km/h, puis 20 minutes à 60 km/h : quelle distance a-t-il parcouru ? 45 km Explication : d = t * v. Ainsi : (15 ÷ 60) x 100 + (20 ÷ 60) x 60 ≃ 45. On divise par 60 afin de convertir les minutes en heures.
93%
Le tibia est l'os le plus long du corps humain : vrai ou faux ? FAUX Explication : Il s'agit du fémur (un os de la cuisse).
93%
On appelle "angle droit" un angle de 180° : vrai ou faux ? FAUX Explication : Un angle droit est un angle de 90°. Un angle de 180° est appelé "angle plat".
93%
Lequel de ces objets n'est pas un périphérique d'entrée : le clavier, l'imprimante ou la souris ? L'imprimante Explication : Il s'agit d'un périphérique de sortie.
93%
À partir de quel âge les humains commencent-ils à rapetisser : 30, 45 ou 60 ans ? 30 ans
92%
La somme des faces opposées d'un dé est toujours égale à quel chiffre ? 7
92%
Combien de mois y'a-t-il dans sept années ? 84 Explication : 12 x 7 = 84.
92%
Un kilomètre est plus long qu'un mile : vrai ou faux ? FAUX Explication : 1 km ≈ 0,6214 mile.
92%
L'huile fait partie des protéines : vrai ou faux ? FAUX Explication : C'est un lipide.
92%
En France, on consomme davantage d'oranges que de pommes : vrai ou faux ? FAUX Explication : L'orange est le troisième fruit le plus consommé en France, après la pomme et la banane.
92%
Toutes les abeilles meurent quand elles piquent : vrai ou faux ? FAUX Explication : Seules les ouvrières meurent quand elles piquent.
92%
Qu'est-ce qui a été inventé en premier : le cinéma, le vaccin antituberculeux (BCG) ou le sonar ? Le cinéma Explication : Il a été inventé en 1895 par les frères Lumière. Le sonar et le BCG datent, quant à eux, respectivement de 1915 et 1921.
92%
Citer une maladie transmise par le moustique. Le Paludisme / La Dengue / Le Chikungunya / Le Zika
92%
Lesquelles de ces cellules sanguines transportent l'oxygène dans l'organisme : les plaquettes, les globules rouges ou les globules blancs ? Les globules rouges Explication : Les plaquettes contribuent à la coagulation du sang, et les globules blancs interviennent dans la lutte contre les maladies.
92%
Comment a-t-on prénommé le squelette de femme préhistorique découvert en Éthiopie en 1974 ? Lucy
92%
Laquelle n'est pas une étoile : Andromède, Bételgeuse ou Véga ? Andromède Explication : Andromède est une constellation (c'est-à-dire un groupe d'étoiles formant un motif plus ou moins reconnaissable dans le ciel).
91%
Dans quel océan la plupart des ouragans se forment-ils ? L'océan Atlantique
91%
Qu'est-ce qui alimente les voitures Renault ZOE et Nissan LEAF : le biodiesel, l'hydrogène ou une batterie électrique ? Une batterie électrique
91%
Le son va plus vite dans l'eau que dans l'air : vrai ou faux ? VRAI Explication : Il va même ≈ 4 fois plus vite (340 m/s dans l'air, contre 1 500 m/s dans l'eau).
91%
Un octogone a plus de côtés qu'un heptagone : vrai ou faux ? VRAI Explication : Un octogone possède 8 côtés (contre 7 pour l'heptagone).
91%
En France, combien de fois par an une femme peut-elle donner son sang ? 4 Explication : Contre 6 fois par an pour les hommes.
90%
Pour endormir légèrement un patient, on utilise : du peroxyde d'azote, du protoxyde d'azote ou de l'eau oxygénée ? Du protoxyde d'azote
90%
Quand on est myope, on entend mal : vrai ou faux ? FAUX Explication : On voit mal / flou de loin.
90%
Quel est l'élément chimique le plus abondant dans l'Univers ? L'hydrogène Explication : De très loin devant l'hélium.
90%
Quelle femme a été la première à obtenir un Prix Nobel en 1903 ? Marie Curie Explication : Marie Curie (1867 - 1934) a reçu le prix Nobel de Physique en 1903 et de Chimie en 1911. Elle reste, à ce jour, la seule femme à avoir été doublement récompensée.
90%
Quelle planète porte le nom de la déesse romaine de l'amour ? Vénus
90%
Combien la plupart des mammifères femelles ont-elles de chromosomes X ? 2
89%
Il est possible de diviser par zéro : vrai ou faux ? FAUX Explication : La division par zéro est impossible et aboutirait à des contresens mathématiques.
89%
Comment appelle-t-on le petit du sanglier ? Le marcassin
89%
Quels sont les deux éléments chimiques qui, combinés, forment de l'eau ? L'hydrogène et l'oxygène Explication : La formule chimique de l'eau est H2O.
89%
Qui a inventé le baromètre : Edison, Pascal ou Torricelli ? Torricelli Explication : Torricelli a inventé le baromètre au milieu du XVII° siècle.
89%
Tous les moustiques qui piquent sont des femelles : vrai ou faux ? VRAI Explication : Les moustiques mâles se nourrissent du nectar des fleurs.
89%
De quel gaz le Soleil est-il principalement constitué ? D'hydrogène
88%
Le foie est le plus grand organe du corps humain : vrai ou faux ? FAUX Explication : Il s'agit de la peau.
88%
Les couleuvres sont venimeuses en France : vrai ou faux ? FAUX Explication : Les couleuvres sont inoffensives : seules certaines espèces de vipères sont venimeuses en France.
88%
Quelle espèce d'éléphant a les plus grandes oreilles : l'éléphant d'Afrique ou d'Asie L'éléphant d'Afrique
88%
Lequel de ces aliments n'est pas une bonne source de protéines : le bœuf, les œufs ou les pommes ? Les pommes Explication : Les pommes sont surtout riches en glucides (sucres).
88%
Comment appelle-t-on un assemblage d'atomes ? Une molécule
88%
Laquelle de ces planètes n'est pas une géante gazeuse : Jupiter, Saturne ou Vénus ? Vénus Explication : Contrairement à Jupiter et Saturne qui sont des planètes géantes gazeuses, Vénus est une planète tellurique.
88%
Il n'y a pas de manchots dans l'Arctique : vrai ou faux ? VRAI Explication : Les différentes espèces de manchots vivent toutes dans l'hémisphère Sud.
88%
L'énergie solaire est une source d'énergie renouvelable : vrai ou faux ? VRAI Explication : Le Soleil est là pour quelques milliards d'années encore.
88%
Comment appelle-t-on le cordon qui relie le placenta de la mère à son bébé avant sa naissance ? Le cordon ombilical Explication : Le nombril est justement la cicatrice que laisse le cordon une fois tombé.
87%
Comment appelle-t-on un polygone à six côtés ? Un hexagone
87%
Dans des conditions ordinaires, à quelle température l'eau bout-elle ? 100 °C
86%
Combien le cœur humain compte-t-il de cavités ? 4
Explication : Deux oreillettes et deux ventricules.
86%
Que fabrique-t-on en mélangeant et en chauffant du sable, de la soude et de la chaux ? Du verre
86%
De quel animal marin la piqûre peut-elle être mortelle et nécessite l'application immédiate de vinaigre ? La méduse-boîte
86%
Quel est le principal composant de l'air ? Le diazote Explication : L'air comporte environ 78 % de diazote, 21 % de dioxygène et 1 % d'autres gaz.
86%
Quel est le seul métal à rester liquide à température ambiante ? Le mercure Explication : Les autres métaux sont solides à température ambiante.
86%
En géométrie, comment appelle-t-on le côté opposé à l'angle droit d'un triangle rectangle ? L'hypoténuse
86%
Quelle étoile est la plus brillante dans le ciel la nuit : Canopus, Sirius ou Véga ? Sirius Explication : Appelée "Alpha Canis Majoris", c'est l'étoile principale de la constellation du Grand Chien.
86%
On reconnait les phoques à leurs oreilles, bien visibles : vrai ou faux ? FAUX Explication : Les phoques n'ont pas de pavillon d'oreille. Mais les otaries, oui !
85%
Quelle est la source de l'énergie photovoltaïque : le rayonnement solaire, le mouvement des vagues ou le souffle du vent ? Le rayonnement solaire
85%
Quelle paire d'organes produit l'urine ? Les reins
85%
Quel est le signe astrologique des personnes nées entre le 19 février et le 20 mars ? Poissons
85%
Les roches sédimentaires sont les seules à renfermer parfois des fossiles : vrai ou faux ? VRAI
85%
Combien de feuilles possède un trèfle irlandais (ou shamrock) ? 3 Explication : À ne pas confondre avec le trèfle commun qui peut parfois avoir quatre feuilles.
84%
Quelle entreprise de technologie est basée à Cupertino, en Californie : Apple, Google ou Microsoft ? Apple
83%
Autour de quelle planète du Système solaire orbitent les satellites naturels appelés Callisto, Europe, Io et Ganymède ? Jupiter
83%
Quelle énergie est véhiculée par les pylones à haute tension ? L'électricité / L'énergie électrique
83%
Lequel n'est pas un insecte : la guêpe, le perce-oreille ou le scorpion ? Le scorpion Explication : Le scorpion appartient à la même famille que l'araignée, celle des arachnides.
83%
Quelle planète a un satellite nommé Encelade, identifié en 2017 par la NASA comme susceptible d'abriter une forme de vie ? Saturne Explication : Un océan est présent sous la surface du satellite et pourrait contenir des microbes.
83%
Quel adjectif commençant par la lettre " S " utilise-t-on pour décrire les substances qui se dissolvent dans l'eau ? Soluble
83%
Combien un chat a-t-il de paupières à chaque œil ? 3
82%
Avec quoi les premiers chewing-gums étaient-ils fabriqués : de la cire, du plastique ou de la sève ? De la sève Explication : Un mélange de latex, de résine et de sirop.
82%
La surface de la planète Mars est rouge à cause de l'oxydation de quel élément chimique ? Du fer
82%
Quel pigment donne leur couleur aux feuilles des arbres ? La chlorophylle
82%
Que mesure-t-on en Watt (W) ? La puissance Explication : L'énergie se mesure en Joule (J) et la fréquence en Hertz (Hz).
82%
Lequel de ces rongeurs est le plus gros au monde : le capybara, l'agouti ou le ragondin ? Le capybara Explication : Le capybara (originaire d'Amérique du Sud) peut mesurer jusqu'à 1,30 m de long, et peser jusqu'à 65 kg.
82%
Quelle famille d'animaux regroupe les crocodiles, les lézards et les tortues ? Les reptiles
82%
Les cirrus et les stratus sont des types de _____ ? Nuage
82%
À quelle vitesse moyenne se déplace la Station spatiale internationale : 270, 2 640 ou 27 600 km/h ? 27 600 km/h
80%
James Watt a inventé la machine à vapeur : vrai ou faux ? FAUX Explication : Il a "seulement" amélioré les inventions précédentes.
80%
On appelle " calorie " la quantité de chaleur nécessaire pour élever de 1 °C la température d'1 L d'eau : vrai ou faux ? FAUX Explication : Il s'agit de la quantité nécessaire pour élever la température d'1 g d'eau.
80%
De quel animal le Maine coon, le Scottish fold et l'American curl représentent-ils différentes races ? Le chat
80%
Comment appelle-t-on les végétariens qui excluent de leur régime alimentaire les produits issus des animaux ? Les végétaliens Explication : Ici, on parle bien du régime alimentaire uniquement. Un végétalien exclut de son alimentation tous les produits d’origine animale (viande, poisson, œufs, lait…). Un végan adopte, en plus, un mode de vie excluant tout produit animal (vêtements, cosmétiques…).
80%
Dans l'alphabet morse international, quelle lettre s'écrit " – – – " ? O Explication : Et le S c'est " • • • ".
80%
Dans l'histoire de l'évolution, les requins sont plus anciens que les arbres : vrai ou faux ? VRAI Explication : Les requins seraient présents sur Terre depuis environ 450 millions d'années, soit environ 70 millions d'années avant les arbres.
80%
Les fourmis appartiennent au même ordre que les guêpes et les abeilles : vrai ou faux ? VRAI Explication : On appelle cet ordre les "hyménoptères".
80%
Comment appelle-t-on le petit du cerf et de la biche ? Le faon
79%
Le tibia est un os du bras : vrai ou faux ? FAUX Explication : Le tibia est un os de la jambe.
78%
Quelle est l'unité de mesure du niveau sonore ? Le Décibel
78%
Quelle était la dernière planète étape de la sonde Cassini ? Saturne Explication : Après 13 ans passés à explorer Saturne et ses satellites, Cassini a rendu l'antenne le 15 septembre 2017.
78%
La pile AAA est plus grosse qu'un pile AA : vrai ou faux ? FAUX
77%
Quelle vitamine produit notre corps, à condition d'avoir suffisamment de Soleil ? La vitamine D
77%
Que craint un spectrophobe : les fantômes, les miroirs ou la mort ? Les miroirs Explication : La peur des fantômes s'appelle la "phasmophobie", et celle de la mort la "thanatophobie".
77%
Quel pourcentage de la surface de la Terre est recouvert d'eau : environ 59 %, 67 % ou 71 % ? 71 % Explication : C'est bien pour cela qu'on parle de "planète bleue".
75%
Lequel de ces nombres n'est pas premier : 5, 7 ou 9 ? 9 Explication : Un nombre premier est un nombre qui ne peut être divisé que par 1 et par lui-même. Or, 9 est divisible par 3 : il n'est donc pas premier.
75%
Dans quel organe peut-on trouver les trois plus petits os du corps humain ? Dans l'oreille Explication : Le marteau, l'enclume et l'étrier se trouvent dans l'oreille.
75%
L'archéoptéryx est le premier animal fossile découvert à s'être vu pousser : des cornes, des plumes ou des griffes ? Des plumes Explication : L'archéoptéryx a été le tout premier fossile découvert avec des plumes, longtemps considéré comme le plus ancien oiseau fossile.
75%
Lionel achète une montre 200 €. Sachant qu'elle était soldée à 20 %, quel était son prix initial ? 250 € Explication : Soit "x" le prix initial de la montre. Il faut résoudre l'équation : 200 = x * [1 - (20 ÷ 100)], c'est-à-dire 200 = x * 0.8, c'est-à-dire x = 200 ÷ 0.8, soit x = 250.
75%
Une année-lumière est une unité de temps : vrai ou faux ? FAUX Explication : C'est une unité de longueur.
75%
Comment appelle-t-on le petit du lapin ? Le lapereau
75%
Quelle couche terrestre se situe entre le noyau externe et la croûte ? Le manteau Explication : Il constitue 84 % de notre planète et a une épaisseur de 2 900 km.
75%
Quelle énergie les plantes utilisent-elles pour synthétiser de la matière organique ? L'énergie solaire / L'énergie lumineuse Explication : C'est la photosynthèse.
75%
Les éléphants sont les plus gros animaux terrestres actuels : vrai ou faux ? VRAI
75%
De quelle couleur sont les fleurs du caféier ? Blanches Explication : Le caféier produit des fleurs blanches qui, après floraison, se transformeront en cerises de café qui contiendront elles-mêmes des grains de café.
73%
Comment a-t-on appelé le supercontinent, formé au Carbonifère, qui a rassemblé quasiment toutes les terres émergées ? La Pangée
73%
Comment appelle-t-on plus communément les œufs d'esturgeon ? Le caviar
73%
Laquelle de ces fleurs ne pousse pas à partir d'un bulbe : le lys, le myosotis ou la tulipe ? Le myosotis Explication : Cette plante pousse naturellement en sous-bois.
73%
Les apiculteurs utilisent de la fumée pour calmer les abeilles au moment de la récolte du miel : vrai ou faux ? VRAI Explication : L'enfumage est un procédé destiné à calmer les abeilles pour faciliter la récolte du miel lorsque ce dernier arrive à maturité.
73%
Quel mot commençant par la lettre " B " désigne une tempête de neige puissante combinée à un froid intense et à des vents violents ? Blizzard
70%
Quel pigment donne leurs couleurs à la peau et aux yeux des humains ? La mélanine
70%
Que mesure-t-on à l'aide d'un baromètre ? La pression atmosphérique
70%
Lequel de ces dinosaures est le plus récent : le giganotosaure, le stégosaure ou le tyrannosaure ? Le tyrannosaure Explication : Le tyrannosaure vivait il y a environ 67 millions d'années, contre 99 millions d'années pour le giganotosaure et 155 millions d'années pour le stégosaure.
70%
On appelle "glabelle" l'espace entre : les sourcils, le nez et la lèvre supérieure ou le pouce et l'index ? Les sourcils Explication : L'espace entre le nez et la lèvre supérieure s'appelle "philtrum", et celui entre le pouce et l'index s'appelle "scumessu".
69%
Combien de temps le virus de la grippe peut-il survivre sur un billet de banque : 2, 8 ou 17 jours ? 17 jours
67%
Quel pourcentage des os du corps humain se trouve dans les mains et les pieds : environ 10 %, 25 % ou 50 % ? 50 %
67%
Quel scientifique britannique a avancé le premier l'idée de "sélection naturelle" pour expliquer l'évolution des espèces ? Charles Darwin
67%
Quelle est l'unité de mesure de la résistance électrique ? L'ohm
67%
Quand elle gèle, l'eau prend-elle plus ou moins de place ? Plus Explication : L'eau prend environ 9 % de place en plus quand elle est gelée.
67%
Comment écrit-on MDLXVII en chiffres arabes ? 1567 Explication : M = 1 000 ; D = 500 ; L = 50 ; X = 10 ; V = 5 ; I = 1.
64%
Quel grand oiseau grâcieux au long cou est aussi le symbole de la paix au Japon ? La grue
64%
Dans une fraction, comment appelle-t-on le nombre au-dessus de la barre ? Le numérateur Explication : Celui en-dessous s'appelle le "dénominateur".
64%
Quel langage de programmation permet de créer des jeux, des histoires et des animations : Itch, Scratch ou Sneeze ? Scratch
64%
Quel pourcentage des calories apportées par un œuf se trouve dans le jaune : ≃ 25 %, 55 % ou 80 % ? 80 %
63%
Quelle plante herbacée aromatique est utilisée pour son parfum d'agrume et sa capacité à éloigner les moustiques ? La citronnelle
63%
Comment appelle-t-on le passage direct de l'état solide (s) à l'état gazeux (g) ? La sublimation Explication : (g) -> (s) = condensation ; (g) -> (l) = liquéfaction ; (l) -> (g) = vaporisation ; (l) -> (s) = solidification ; (s) -> (l) = fusion.
63%
Quel est le plus grand poisson prédateur au monde ? Le requin Explication : Plus précisément, le grand requin blanc.
63%
Comment appelle-t-on un être mi-humain, mi-robot Un cyborg
62%
Que signifie l'acronyme " ADN " ? Acide DésoxyriboNucléique
60%
Quel mot commençant par la lettre " C " désigne une substance capable de déclencher ou d'accélérer une réaction chimique, sans participer à la réaction ? Catalyseur
60%
Pourquoi la brebis Dolly a-t-elle fait la une des journaux en 1997 : elle était zébrée, elle était capable de compter ou c'était un clone ? C'était un clone Explication : Sa création a marqué un progrès des techniques de clonage.
60%
Il peut être noir, lippu ou à lunettes : de quel animal s'agit-il ? L'ours
60%
La plupart des chenilles ont 12 yeux : vrai ou faux ? VRAI Explication : Six paires d'yeux minuscules.
60%
Quel est le nom de famille du physicien quantique prénommé Erwin, célèbre pour son expérience de pensée impliquant un chat enfermé dans une boîte ? Schrödinger Explication : La célèbre expérience du chat de Schrödinger.
58%
Qu'est-ce que la sonde LCROSS de la NASA a découvert sur la Lune en 2009 ? De l'eau
57%
Quel langage de programmation porte le nom d'une île indonésienne et d'une variété de café ? Java
56%
Quelle discipline scientifique étudie les fossiles ? La paléontologie
56%
Quel spationaute français a effectué son premier vol dans l'espace le 13 janvier 2017 ? Thomas Pesquet
56%
À quoi sert un boulier ? À compter / À calculer Explication : Le boulier permet d'effectuer des opérations arithmétiques simples (addition, soustraction, multiplication, division) et même plus complexes (racine carrée et racine cubique).
55%
Dans quelle galaxie la Terre se trouve-t-elle ? La Voie Lactée
54%
Quel astronome a mis au point la lunette astronomique ? Galilée Explication : En 1609, Galilée entreprit la construction de cette lunette.
53%
Quel était le nom du premier chien à aller dans l'Espace ? Laïka Explication : En 1957, la chienne Laïka a été envoyée par l'URSS à bord du satellite artificiel Spoutnik 2, faisant d'elle le premier être vivant à aller dans l'Espace.
53%
Quel est le seul volcan actif d'Europe continentale ? Le Vésuve Explication : Le Vésuve (près de Naples, Italie) a causé la destruction de Pompéi en 79 avant notre ère.
53%
De combien de centimètres environ la Lune s'éloigne-t-elle de la Terre chaque année ? 4 cm
50%
Le mathématicien grec Euclide est considéré comme le père de quelle branche des mathématiques ? La géométrie Explication : On parle d'ailleurs parfois de "géométrie euclidienne".
50%
Citer au moins l'un des deux fondateurs du moteur de recherche Google. Larry Page / Sergueï Brin
50%
Quel élément chimique compose, sous forme quasi pure, le diamant ? Le carbone
50%
Quelle créature préhistorique tire son nom grec de "lézard terrible" ? Le dinosaure
50%
Après les éléphants, quels sont les animaux les plus lourds sur Terre ? Les rhinocéros Explication : Pas moins de 3,5 tonnes pour un rhinocéros blanc par exemple.
50%
Quelle marque a eu comme tout premier logo un pommier sous lequel dormait Isaac Newton ? Apple
47%
Quel animal fabrique de l'acide formique qu'il projette sur ses prédateurs ? La fourmi
45%
Quel gros fruit d'Asie en forme d'œuf est connu pour sa carapace couverte d'épines, son goût particulier et sa très forte odeur ? Le durian Explication : Son odeur est si forte que de nombreux pays l'interdisent dans les transports en commun.
43%
Dans le jargon du surf, comment appelle-t-on la corde avec laquelle le surfeur s'attache à sa planche ? Le leash
43%
Qui a découvert la pénicilline ? Alexander Fleming Explication : En 1928.
40%
Comment appelle-t-on le cycle de transformation qui permet à une larve de se transformer en chrysalide, puis en papillon ? La métamorphose
40%
Comment appelle-t-on l'organe mâle de la reproduction chez les plantes à fleurs ? L'étamine
40%
Que signifie le " G " du mot GPS ? Global Explication : Global Positioning System.
38%
Avec quel instrument mesure-t-on la vitesse du vent ? Un anémomètre
38%
Combien un squelette adulte humain ordinaire comporte-t-il d'os ? 206
33%
Combien un humain a-t-il de dents au cours de sa vie, au maximum ? 52 Explication : 20 dents de laits puis 32 dents définitives.
33%
Quelle maladie le premier vaccin jamais inventé visait-il ? La variole Explication : Edward Jenner, médecin de campagne anglais, a créé le premier vaccin efficace au monde en 1796.
33%
Quelle entreprise fabrique des ordinateurs appelés "ThinkPad" ou "IdeaPad" ? Lenovo
31%
Quel est le plus léger des métaux terrestres ? Le lithium
30%
Quel champignon utilise-t-on pour faire lever la pâte à pain ? Le Saccharomyces cerevisiae Explication : Aussi appelée "levure du boulanger".
30%
Quel élément chimique est contenu dans le graphène (un feuillet d'atomes arrangés selon un motif de nids d'abeille) ? Le carbone Explication : Le graphène est le matériau le plus fin jamais créé.
29%
En informatique, que signifie l'acronyme USB ? Universal Serial Bus
29%
Quel médecin grec de l'Antiquité est considéré comme le père de la médecine ? Hippocrate
25%
Que signifie IRM ? Image par Résonance Magnétique
25%
Citer l'une des quatre bases azotées constitutives de l'ADN. L'Adénine / La Thymine / La Cytosine / La Guanine
25%
Sous quel acronyme est connu le système émettant un faisceau d'ondes électromagnétiques et recevant l'écho à des fins de localisation ? RADAR Explication : Ce terme est l'acronyme de "RAdio Detecting And Ranging".
25%
Que signifie le " V " de l'acronyme "VoIP" ? Voice Explication : Voice Over Internet Protocol.
25%
Quelle est la substance la plus dure du corps humain ? L'émail Explication : Il recouvre les dents.
22%
De quoi un astraphobe a-t-il peur ? Des éclairs et du tonnerre
20%
Comment appelle-t-on la partie blanche de l'œil ? La sclère / La sclérotique
18%
Quel métal a le point de fusion le plus élevé de tous les métaux terrestre ? Le tungstène Explication : À 3 422°C, le tungstène a le point de fusion le plus élevé de tous les métaux.
18%
Quel fruit exotique porte un nom signifiant "orange d'or" en chinois ? Le kumquat
17%
Comment appelle-t-on un alliage de cuivre et de zinc ? Le laiton Explication : Le bronze est, quant à lui, un alliage de cuivre et d'étain.
13%
Quel objet a inventé Robert Yeates en 1855, dont la fonction nécessitait jusqu'alors l'usage d'un marteau ou d'un burin ? L'ouvre-boîte
13%
Quel est le sujet de recherche de l'institut SETI ? Extraterrestre / Vie extraterrestre / Intelligence extraterrestre Explication : Le SETI est le "Programme de recherche d'une intelligence extraterrestre".
11%
De quoi un carpophobe a-t-il peur ? Des fruits
10%
Quel est le plus grand mammifère à construire un nid ? Le gorille Explication : Des lits de feuilles généralement reconstruits chaque soir.
0%
Aucun quiz correspondant
Distribution des résultats
% des personnes avec chaque résultat
Percentile par nombre de réponses
Votre historique - résultats
Vous n’avez pas pris ce quiz depuis la dernière actualisation